Mapa de Navarra sin 20 municipios aleatorios - Estadísticas

Estadísticas generales
  • Esta prueba ha sido intentada 108 veces
  • La puntuación promedio es 8 de 20
Respuestas en el mapa
Las respuestas están codificadas por una escala verde-roja en el mapa de la prueba según el % correcto abajo.
 
Estadísticas de respuestas
MerindadEstella Municipio % Correcto
Pamplona / Montaña Alsasua / Altsasu
100%
Estella Améscoa Baja / Ameskoabarrena
100%
Pamplona / Montaña Aranaz / Aranatz
100%
Sangüésa Arce / Artzi
100%
Olite Artajona
100%
Pamplona / Montaña Baztán / Baztan
100%
Pamplona / Montaña Berriozar
100%
Tudela / Ribera Buñuel
100%
Sangüésa Burlada / Burlata
100%
Tudela / Ribera Cadreita
100%
Estella Cárcar
100%
Tudela / Ribera Cortes
100%
Pamplona / Montaña Donamaría / Doneztebe
100%
Pamplona / Montaña Echalar / Etxalar
100%
Estella Estella / Lizarra
100%
Sangüésa Esteribar
100%
Pamplona / Montaña Ezkurra
100%
Pamplona / Montaña Galar
100%
Sangüésa Gallués / Galoze
100%
Pamplona / Montaña Imoz / Imotz
100%
Sangüésa Isaba / Izaba
100%
Pamplona / Montaña Ituren
100%
Estella Lapoblación
100%
Olite Larraga
100%
Sangüésa Leache / Leatxe
100%
Estella Lerín
100%
Tudela / Ribera Mélida
100%
Olite Milagro
100%
Sangüésa Navascués / Nabaskoze
100%
Pamplona / Montaña Odieta
100%
Pamplona / Montaña Olaibar
100%
Sangüésa Oroz-Betelu / Orotz-Betelu
100%
Pamplona / Montaña Pamplona / Iruña
100%
Tudela / Ribera Ribaforada
100%
Sangüésa Roncesvalles / Orreaga
100%
Estella San Adrián
100%
Sangüésa Sangüesa / Zangoza
100%
Olite San Martín de Unx
100%
Olite Santacara
100%
Sangüésa Sarriés / Sartze
100%
Olite Tafalla
100%
Olite Ujué / Uxue
100%
Pamplona / Montaña Ulzama
100%
Sangüésa Urzainqui / Urzainki
100%
Pamplona / Montaña Uterga
100%
Sangüésa Uztárroz / Uztarroze
100%
Sangüésa Valle de Elorz / Elortzibar
100%
Tudela / Ribera Valtierra
100%
Pamplona / Montaña Vera de Bidasoa / Bera
100%
Estella Viana
100%
Sangüésa Vidángoz / Bidankoze
100%
Estella Yerri / Deierri
100%
Pamplona / Montaña Zizur Mayor / Zizur Nagusia
100%
Sangüésa Javier / Xabier
80%
Olite Pitillas
80%
Tudela / Ribera Ablitas
75%
Tudela / Ribera Cabanillas
75%
Tudela / Ribera Cintruénigo
75%
Estella Cirauqui / Zirauki
75%
Sangüésa Garde
75%
Sangüésa Orbaizeta
75%
Pamplona / Montaña Puente la Reina / Gares
75%
Sangüésa Roncal / Erronkari
75%
Estella Abárzuza / Abartzuza
67%
Pamplona / Montaña Ansoáin / Antsoain
67%
Olite Berbinzana
67%
Pamplona / Montaña Ciordia / Ziordia
67%
Sangüésa Erro
67%
Olite Garínoain
67%
Sangüésa Jaurrieta
67%
Estella Larraona
67%
Pamplona / Montaña Lesaca / Lesaka
67%
Pamplona / Montaña Obanos
67%
Olite Peralta / Azkoien
67%
Pamplona / Montaña Santesteban / Doneztebe
67%
Tudela / Ribera Tudela / Tutera
67%
Sangüésa Urraúl Alto / Urraulgoiti
67%
Sangüésa Urroz-Villa
67%
Sangüésa Yesa
67%
Sangüésa Aria
60%
Estella Andosilla
50%
Pamplona / Montaña Arano
50%
Pamplona / Montaña Areso
50%
Estella Armañanzas
50%
Estella Artazu
50%
Pamplona / Montaña Atez / Atetz
50%
Estella Ayegui / Aiegi
50%
Pamplona / Montaña Beriáin
50%
Pamplona / Montaña Bertizarana
50%
Sangüésa Burgui / Burgi
50%
Tudela / Ribera Castejón
50%
Pamplona / Montaña Cizur
50%
Sangüésa Esparza de Salazar / Espartza Zaraitzu
50%
Olite Falces
50%
Olite Funes
50%
Pamplona / Montaña Iturmendi
50%
Pamplona / Montaña Iza / Itza
50%
Pamplona / Montaña Lacunza / Lakuntza
50%
Estella Lana
50%
Estella Legaria
50%
Pamplona / Montaña Leiza / Leitza
50%
Sangüésa Monreal / Elo
50%
Pamplona / Montaña Muruzábal
50%
Sangüésa Ochagavía / Otsagabia
50%
Pamplona / Montaña Ollo / Ollaran
50%
Olite Olóriz / Oloritz
50%
Sangüésa Romanzado / Erromantzatua
50%
Pamplona / Montaña Uharte-Arakil
50%
Olite Unzué / Untzue
50%
Sangüésa Abaurrea Alta / Abaurregaina
40%
Sangüésa Aoiz / Agoitz
33%
Pamplona / Montaña Araiz
33%
Pamplona / Montaña Araquil / Arakil
33%
Estella Aras
33%
Pamplona / Montaña Arbizu
33%
Sangüésa Aribe
33%
Pamplona / Montaña Barañáin / Barañain
33%
Estella Cabredo
33%
Estella El Busto
33%
Pamplona / Montaña Erasun
33%
Pamplona / Montaña Ezcabarte
33%
Sangüésa Ezprogui
33%
Tudela / Ribera Fitero
33%
Estella Goñi
33%
Sangüésa Izagaondoa
33%
Sangüésa Lerga
33%
Sangüésa Lumbier / Irunberri
33%
Estella Mañeru
33%
Tudela / Ribera Monteagudo
33%
Pamplona / Montaña Olza / Oltza
33%
Pamplona / Montaña Orcoyen
33%
Estella Sartaguda
33%
Estella Sesma
33%
Tudela / Ribera Villafranca
33%
Pamplona / Montaña Zubieta
33%
Pamplona / Montaña Adiós
25%
Pamplona / Montaña Biurrun-Olcoz
25%
Pamplona / Montaña Ciriza / Ziritza
25%
Estella Etayo
25%
Estella Lazagurría
25%
Tudela / Ribera Murchante
25%
Estella Piedramillera
25%
Sangüésa Sada
25%
Sangüésa Tiebas-Muruarte de Reta
25%
Sangüésa Urraúl Bajo / Urraulbeiti
25%
Estella Guirguillano
20%
Estella Oteiza
20%
Estella Abáigar
0%
Sangüésa Abaurrea Baja / Abaurrepea
0%
Estella Aberin
0%
Estella Aguilar de Codés
0%
Sangüésa Aibar / Oibar
0%
Estella Allín / Allin
0%
Estella Allo
0%
Estella Ancín
0%
Pamplona / Montaña Añorbe
0%
Pamplona / Montaña Anue
0%
Estella Aranarache / Aranaratxe
0%
Sangüésa Aranguren
0%
Estella Arellano
0%
Tudela / Ribera Arguedas
0%
Estella Arróniz
0%
Pamplona / Montaña Artazu
0%
Estella Azagra
0%
Estella Azuelo
0%
Pamplona / Montaña Bacaicoa / Bakaioko
0%
Olite Barásoain
0%
Estella Barbarin
0%
Estella Bargota
0%
Tudela / Ribera Barillas
0%
Pamplona / Montaña Basaburua
0%
Olite Beire
0%
Pamplona / Montaña Belascoáin
0%
Pamplona / Montaña Berrioplano / Berriobeiti
0%
Pamplona / Montaña Betelu
0%
Pamplona / Montaña Bidaurreta
0%
Sangüésa Burguete / Auritz
0%
Olite Caparroso
0%
Tudela / Ribera Carcastillo
0%
Tudela / Ribera Cascante
0%
Sangüésa Cáseda
0%
Sangüésa Castillo-Nuevo / Gazteluberri
0%
Tudela / Ribera Corella
0%
Estella Desojo
0%
Estella Dicastillo
0%
Pamplona / Montaña Echarri-Aranaz / Etxarri-Aranatz
0%
Pamplona / Montaña Echarri / Etxarri
0%
Pamplona / Montaña Echauri / Etxauri
0%
Sangüésa Egués / Eguesibar
0%
Pamplona / Montaña Elgorriaga
0%
Pamplona / Montaña Enériz / Eneritz
0%
Pamplona / Montaña Ergoiena
0%
Sangüésa Eslava
0%
Estella Espronceda
0%
Estella Eulate
0%
Sangüésa Ezcaroz / Ezkaroze
0%
Tudela / Ribera Fontellas
0%
Tudela / Ribera Fustiñana
0%
Sangüésa Gallipienzo / Galipentzu
0%
Sangüésa Garaioa
0%
Sangüésa Garralda
0%
Estella Genevilla
0%
Pamplona / Montaña Goizueta
0%
Sangüésa Guesa / Gesa
0%
Estella Guesálaz / Gesalatz
0%
Sangüésa Huarte / Uharte
0%
Sangüésa Ibargoiti
0%
Pamplona / Montaña Iganzi / Igantzi
0%
Estella Igúzquiza / Iguzkitza
0%
Pamplona / Montaña Irañeta
0%
Pamplona / Montaña Irurzun / Irurtzun
0%
Sangüésa Izalzu / Itzaltzu
0%
Pamplona / Montaña Juslapeña / Txulapain
0%
Pamplona / Montaña Labaien
0%
Pamplona / Montaña Lanz / Lantz
0%
Pamplona / Montaña Larraun
0%
Pamplona / Montaña Lecunberri / Lekunberri
0%
Pamplona / Montaña Legarda
0%
Olite Leoz / Leotz
0%
Estella Lezáun / Lezaun
0%
Sangüésa Liédena
0%
Sangüésa Lizoáin / Lizoain-Arriasgoiti
0%
Estella Lodosa
0%
Sangüésa Lónguida / Longida
0%
Estella Los Arcos
0%
Estella Luquin
0%
Estella Marañón
0%
Olite Marcilla
0%
Estella Mendavia
0%
Estella Mendaza
0%
Olite Mendigorría
0%
Estella Metauten
0%
Estella Mirafuentes
0%
Olite Miranda de Arga
0%
Estella Morentin
0%
Estella Mués
0%
Estella Murieta
0%
Olite Murillo el Cuende
0%
Olite Murillo el Fruto
0%
Estella Nazar
0%
Estella Oco
0%
Pamplona / Montaña Oiz
0%
Pamplona / Montaña Olazagutía / Olazti
0%
Estella Olejua
0%
Olite Olite / Erriberri
0%
Sangüésa Orbara
0%
Olite Orísoain
0%
Sangüésa Oronz / Orontze
0%
Sangüésa Petilla de Aragón
0%
Olite Pueyo / Puiu
0%
Pamplona / Montaña Saldias
0%
Estella Salinas de Oro / Jaitz
0%
Estella Sansol
0%
Estella Sorlada
0%
Pamplona / Montaña Sunbilla
0%
Pamplona / Montaña Tirapu
0%
Estella Torralba del Río
0%
Estella Torres del Río
0%
Tudela / Ribera Tulebras
0%
Pamplona / Montaña Úcar
0%
Sangüésa Unciti
0%
Pamplona / Montaña Urdax / Urdazubi
0%
Pamplona / Montaña Urdiain
0%
Pamplona / Montaña Urroz / Urrotz
0%
Sangüésa Valcarlos / Luzaide
0%
Estella Villamayor de Monjardín
0%
Sangüésa Villanueva de Aezkoa / Hiriberri
0%
Estella Villatuerta
0%
Pamplona / Montaña Villava / Atarrabia
0%
Pamplona / Montaña Zabalza
0%
Pamplona / Montaña Zugarramurdi
0%
Estella Zúñiga
0%
No se encontraron pruebas coincidentes
Distribución de puntuación
Porcentaje de gente con cada puntuación
Porcentaje por número respondido
Historial de tus puntuaciones
No has intentado esta prueba.